| 000 | 00786cam a2200277 4500500 | ||
|---|---|---|---|
| 005 | 20260405003009.0 | ||
| 041 | _afre | ||
| 042 | _adc | ||
| 100 | 1 | 0 |
_aLegros, Martin _eauthor |
| 245 | 0 | 0 | _aLe nouvel âge de la rébellion |
| 260 | _c2019. | ||
| 500 | _a48 | ||
| 690 | _aActivisme | ||
| 690 | _aExtinction Rébellion | ||
| 690 | _aGilets jaunes | ||
| 690 | _aGouvernementalité | ||
| 690 | _aGrève | ||
| 690 | _aJean-Claude Monod | ||
| 690 | _aManifestation | ||
| 690 | _aMartin Legros | ||
| 690 | _aMichel Foucault | ||
| 690 | _aRébellion | ||
| 690 | _aSocial | ||
| 786 | 0 | _nPhilosophie magazine | 135 | 12 | 2019-12-01 | p. 7-7 | 1951-1787 | |
| 856 | 4 | 1 | _uhttps://shs.cairn.info/magazine-philosophie-magazine-2019-12-page-7?lang=fr&redirect-ssocas=7080 |
| 999 |
_c2063337 _d2063337 |
||